000 00457nam a22001817a 4500
003 OSt
005 20250526115923.0
008 210621b ||||| |||| 00| 0 eng d
040 _aSEKU
050 _aS 508 .A1
_b.K46
110 _aK.I.E.
245 _aDiploma in in general Agriculture/
_bsyllabus and regulations.
260 _aNairobi:Kenya;
_bK.I.E.,
_c2002
300 _a298 p.
650 _aLivestock
650 _aAgriculture
942 _2lcc
_cGEN
999 _c18557
_d18557